000 00671nam a2200265Ia 4500
005 20260121165956.0
008 008 260114s9999 xx 000 0 eng d
020 _a9781493930234
037 _aEBOOK
040 _aCRL
040 _beng
040 _cCRL
041 _2eng
041 _aeng
084 _qCRL
100 _aClare E. Elwell, Terence S. Leung, David K. Harrison
_91058301
245 0 _aOxygen Transport to Tissue XXXVII
260 _bSpringer
260 _bSpringer
260 _c2016
856 _uhttps://link.springer.com/openurl?genre=book&isbn=978-1-4939-3023-4
942 _cEBOOK
999 _c1624030
_d1624030